Normal view
MARC view
- Kulkarni,Parag
Entry Personal Name
001 - CONTROL NUMBER
- control field: 102297
003 - CONTROL NUMBER IDENTIFIER
- control field: NUST
005 - DATE AND TIME OF LATEST TRANSACTION
- control field: 20221103112339.0
008 - FIXED-LENGTH DATA ELEMENTS
- fixed length control field: 221103|| aca||aabn | a|a d
040 ## - CATALOGING SOURCE
- Original cataloging agency: NUST
- Transcribing agency: NUST
100 ## - HEADING--PERSONAL NAME
- Personal name: Kulkarni,Parag
670 ## - SOURCE DATA FOUND
- Source citation: Work cat.: (NUST): Kulkarni,Parag , E-Business:, 2012
